[Event "Titled Tuesday intern op 16th Apr Early"]
[Site "Chess.com INT"]
[Date "2024.04.16"]
[Round "3"]
[White "Bolat, Inayat"]
[Black "Amador Garcia, Ismael"]
[Result "0-1"]
[WhiteElo "2208"]
[BlackElo "2233"]
[PlyCount "76"]
[EventDate "2024.04.16"]
[EventType "swiss (blitz)"]
[EventRounds "11"]
[EventCountry "USA"]
[SourceTitle "CB17_2024"]
[SourceDate "2024.04.24"]
[SourceVersion "1"]
[SourceVersionDate "2024.04.24"]
[SourceQuality "1"]

1. e4 e5 2. Nf3 Nc6 3. Bb5 a6 4. Ba4 Nf6 5. 0-0 Be7 6. Re1 b5 7. Bb3 0-0 8. a4 Bb7 9. c3 d5 10. exd5 Nxd5 11. d3 Na5 12. Bc2 b4 13. Nxe5 bxc3 14. bxc3 Bf6 15. d4 Re8 16. Bxh7+ Kxh7 17. Qh5+ Kg8 18. Qxf7+ Kh8 19. Bh6 Bxe5 20. Rxe5 gxh6 21. Nd2 Rxe5 22. dxe5 Qf8 23. Qd7 Rd8 24. Qg4 Qg7 25. Qh4 Rg8 26. g3 Qg5 27. Qd4 Rd8 28. Ne4 Qf5 29. e6+ Kh7 30. c4 Nb3 31. Qb2 Qxe4 32. Qxb3 Nc3 33. f3 Qxf3 34. Qc2+ Be4 35. e7 Re8 36. Qd2 Ne2+ 37. Qxe2 Qxe2 38. Ra2 Qe1# 0-1

[Event "Titled Tuesday intern op 16th Apr Early"]
[Site "Chess.com INT"]
[Date "2024.04.16"]
[Round "1"]
[White "Bolat, Inayat"]
[Black "Lazavik, Denis"]
[Result "0-1"]
[WhiteElo "2208"]
[BlackElo "2572"]
[PlyCount "52"]
[EventDate "2024.04.16"]
[EventType "swiss (blitz)"]
[EventRounds "11"]
[EventCountry "USA"]
[SourceTitle "CB17_2024"]
[SourceDate "2024.04.24"]
[SourceVersion "1"]
[SourceVersionDate "2024.04.24"]
[SourceQuality "1"]

1. e4 c5 2. Nf3 e6 3. d4 cxd4 4. Nxd4 Nc6 5. Nc3 Qc7 6. a3 a6 7. Be3 Nf6 8. f4 d6 9. Qf3 Bd7 10. 0-0-0 Rc8 11. g4 Nxd4 12. Rxd4 d5 13. exd5 Nxd5 14. Rc4 Bc6 15. Nxd5 exd5 16. Rd4 Bc5 17. Bd3 0-0 18. Qh3 g6 19. f5 Rfe8 20. f6 Qe5 21. Bf4 Qxd4 22. Bg5 Bb5 23. Bxg6 hxg6 24. Bh6 Re2 25. Kb1 Rxc2 26. Kxc2 Bxa3+ 0-1

[Event "Titled Tuesday intern op 02nd Apr Late"]
[Site "Chess.com INT"]
[Date "2024.04.02"]
[Round "1"]
[White "Nunez Hirales, Juan Alejandro"]
[Black "Bolat, Inayat"]
[Result "1-0"]
[WhiteElo "1955"]
[BlackElo "2208"]
[PlyCount "49"]
[EventDate "2024.04.02"]
[EventType "swiss (blitz)"]
[EventRounds "11"]
[EventCountry "USA"]
[SourceTitle "CB15_2024"]
[SourceDate "2024.04.10"]
[SourceVersion "1"]
[SourceVersionDate "2024.04.10"]
[SourceQuality "1"]

1. d4 Nf6 2. Nc3 d5 3. Bf4 g6 4. e3 Bg7 5. h4 h5 6. Nf3 0-0 7. Ne5 c5 8. Qd2 Nc6 9. f3 cxd4 10. exd4 Qb6 11. 0-0-0 Bf5 12. Bd3 Bxd3 13. Qxd3 Rac8 14. Kb1 Na5 15. Ka1 Nc4 16. Bc1 e6 17. g4 Nxe5 18. dxe5 Nd7 19. f4 Nc5 20. Qe2 d4 21. Ne4 Nxe4 22. Qxe4 hxg4 23. h5 Qc6 24. Qxc6 Rxc6 25. hxg6 1-0

[Event "Titled Tuesday intern op 13th Feb Early"]
[Site "Chess.com INT"]
[Date "2024.02.13"]
[Round "7"]
[White "Willy, Stephen"]
[Black "Bolat, Inayat"]
[Result "0-1"]
[WhiteElo "1990"]
[BlackElo "2208"]
[PlyCount "84"]
[EventDate "2024.02.13"]
[EventType "swiss (blitz)"]
[EventRounds "11"]
[EventCountry "USA"]
[SourceTitle "CB08_2024"]
[SourceDate "2024.02.21"]
[SourceVersion "1"]
[SourceVersionDate "2024.02.21"]
[SourceQuality "1"]

1. e4 e5 2. Nc3 Nf6 3. f4 d5 4. fxe5 Nxe4 5. Qf3 f5 6. d3 Nxc3 7. bxc3 d4 8. Be2 Nc6 9. Qg3 Qd5 10. Nf3 dxc3 11. 0-0 Bc5+ 12. Kh1 0-0 13. Bf4 Nd4 14. Nxd4 Qxd4 15. Rae1 Be6 16. Bf3 c6 17. Be3 Qb4 18. Rb1 Qa3 19. Rxb7 g6 20. d4 Bb6 21. Bxc6 Rac8 22. d5 Qa6 23. Rb1 Qxa2 24. Rc1 Bxd5 25. Qh4 Rc7 26. Rxc7 Bxc7 27. Bd7 Bxe5 28. Bd4 Qa3 29. Re1 Bxd4 30. Qxd4 Bf7 31. Qe5 Qb2 32. Be6 Qb6 33. Bxf7+ Rxf7 34. Qe8+ Rf8 35. Qe5 Qc6 36. Rd1 Re8 37. Qf4 Qe4 38. Qf1 Qe2 39. Qg1 Qxc2 40. Qd4 Qe2 41. h3 c2 42. Qd5+ Qe6 0-1

[Event "Titled Tuesday intern op 06th Feb Early"]
[Site "Chess.com INT"]
[Date "2024.02.06"]
[Round "3"]
[White "Andreev, Konstantin1"]
[Black "Bolat, Inayat"]
[Result "1-0"]
[WhiteElo "2228"]
[BlackElo "2208"]
[PlyCount "79"]
[EventDate "2024.02.06"]
[EventType "swiss (blitz)"]
[EventRounds "11"]
[EventCountry "USA"]
[SourceTitle "CB07_2024"]
[SourceDate "2024.02.14"]
[SourceVersion "1"]
[SourceVersionDate "2024.02.14"]
[SourceQuality "1"]

1. e4 e5 2. Nf3 Nc6 3. Bc4 Nf6 4. d4 exd4 5. e5 Ne4 6. 0-0 Nc5 7. Nxd4 Nxd4 8. Qxd4 Ne6 9. Qd1 Be7 10. Nc3 0-0 11. Nd5 Bc5 12. b4 Bb6 13. Nxb6 axb6 14. Bb2 Qe7 15. a3 Rd8 16. f4 d5 17. exd6 Rxd6 18. Qe1 Qd8 19. f5 Nd4 20. f6 g6 21. Rd1 Bf5 22. Qe3 Ne6 23. Rxd6 Qxd6 24. Rxf5 gxf5 25. Bxe6 Qxe6 26. Qg5+ Kf8 27. h3 Rd8 28. Qg3 Ke8 29. Be5 Rd1+ 30. Kh2 Kd7 31. Qf4 c6 32. b5 cxb5 33. Kg3 Rd5 34. Bc7 Qe1+ 35. Kh2 Qe4 36. Qg3 Rd1 37. Bb8 Qc6 38. Qg8 Ke6 39. Qg3 Qd7 40. Qe5# 1-0

[Event "Titled Tuesday intern op 06th Feb Early"]
[Site "Chess.com INT"]
[Date "2024.02.06"]
[Round "4"]
[White "Bolat, Inayat"]
[Black "Yagupov, Igor"]
[Result "1-0"]
[WhiteElo "2208"]
[BlackElo "2290"]
[PlyCount "81"]
[EventDate "2024.02.06"]
[EventType "swiss (blitz)"]
[EventRounds "11"]
[EventCountry "USA"]
[SourceTitle "CB07_2024"]
[SourceDate "2024.02.14"]
[SourceVersion "1"]
[SourceVersionDate "2024.02.14"]
[SourceQuality "1"]

1. e4 e5 2. Nf3 Nc6 3. Bb5 f5 4. d3 fxe4 5. dxe4 Nf6 6. 0-0 Bc5 7. Bxc6 bxc6 8. Nxe5 0-0 9. Nd3 Nxe4 10. Nxc5 Nxc5 11. Nc3 d5 12. Be3 Ne6 13. Ne2 Ba6 14. Qd2 Qd6 15. Rfe1 Bxe2 16. Qxe2 c5 17. Rad1 Rae8 18. Qb5 Rb8 19. Qe2 Rxb2 20. Bc1 Nf4 21. Bxf4 Rxf4 22. Rb1 Rxb1 23. Rxb1 Rf8 24. g3 c4 25. Rb7 a6 26. Qe3 Qc6 27. Rb1 Re8 28. Qa7 h6 29. Rd1 Re2 30. Qb8+ Kh7 31. c3 Qc5 32. Qb1+ Kg8 33. Qb8+ Kf7 34. Rd4 Re4 35. Rd2 Qd6 36. Qb7 Re5 37. f4 Re3 38. Rxd5 Qe6 39. Qxc7+ Kg8 40. Re5 Rxe5 41. fxe5 1-0

[Event "Titled Tuesday intern op 16th Jan Early"]
[Site "Chess.com INT"]
[Date "2024.01.16"]
[Round "6"]
[White "Bolat, Inayat"]
[Black "Radzhabov, Rodion"]
[Result "1-0"]
[WhiteElo "2241"]
[BlackElo "2265"]
[PlyCount "45"]
[EventDate "2024.01.16"]
[EventType "swiss (blitz)"]
[EventRounds "11"]
[EventCountry "USA"]
[SourceTitle "CB04_2024"]
[SourceDate "2023.10.16"]
[SourceVersion "1"]
[SourceVersionDate "2023.10.16"]
[SourceQuality "1"]

1. e4 e5 2. Nf3 Nc6 3. Bb5 a6 4. Ba4 Nf6 5. 0-0 b5 6. Bb3 Be7 7. Re1 d6 8. c3 Be6 9. d4 exd4 10. cxd4 Bxb3 11. axb3 0-0 12. Nc3 Re8 13. Bg5 h6 14. Bxf6 Bxf6 15. Nd5 Be7 16. Rc1 Qd7 17. Qc2 Nd8 18. Qxc7 Qe6 19. Qb6 Bg5 20. Nxg5 hxg5 21. Nc7 Rc8 22. Nxe6 Rxc1 23. Rxc1 1-0

[Event "Titled Tuesday intern op 12th Dec Early"]
[Site "Chess.com INT"]
[Date "2023.12.12"]
[Round "4"]
[White "Samunenkov, Igor"]
[Black "Bolat, Inayat"]
[Result "1-0"]
[WhiteElo "2530"]
[BlackElo "2299"]
[PlyCount "97"]
[EventDate "2023.12.12"]
[EventType "swiss (blitz)"]
[EventRounds "11"]
[EventCountry "USA"]
[SourceTitle "CB51_2023"]
[SourceDate "2023.12.20"]
[SourceVersion "1"]
[SourceVersionDate "2023.12.20"]
[SourceQuality "1"]

1. d4 Nf6 2. Nc3 d5 3. Bf4 g6 4. e3 Bg7 5. h4 h5 6. Nf3 0-0 7. Ne5 c5 8. Qd2 cxd4 9. exd4 Nc6 10. 0-0-0 Bf5 11. f3 Rc8 12. Kb1 Nb4 13. Bd3 Nxd3 14. cxd3 b5 15. Bh6 b4 16. Na4 Nd7 17. Bxg7 Kxg7 18. g4 Nxe5 19. gxf5 Nc6 20. Qe3 Qd7 21. fxg6 fxg6 22. Nc5 Qf5 23. Ne6+ Kh7 24. Nxf8+ Rxf8 25. Rc1 Rf6 26. f4 b3 27. a3 Re6 28. Qh3 Nxd4 29. Qxf5 Nxf5 30. Rce1 Rd6 31. Rc1 Rd7 32. Rc3 Nd4 33. Re1 a5 34. a4 e6 35. Rc5 Kg7 36. Rxa5 Kf6 37. Ra8 Nf3 38. Re3 Nd2+ 39. Kc1 Nf1 40. Rf3 Rc7+ 41. Kd1 Nh2 42. Rf2 Ng4 43. Rd2 Ne3+ 44. Ke2 Nc2 45. a5 Nd4+ 46. Ke3 Nb5 47. a6 Nd6 48. a7 Nb5 49. Rf8+ 1-0

[Event "Wch U14"]
[Site "Montesilvano"]
[Date "2023.11.15"]
[Round "3"]
[White "Arca, Christian Gian Karl"]
[Black "Bolat, Inayat"]
[Result "1/2-1/2"]
[WhiteElo "2347"]
[BlackElo "2088"]
[PlyCount "88"]
[EventDate "2023.11.13"]
[EventType "swiss"]
[EventRounds "11"]
[EventCountry "ITA"]
[SourceTitle "CB48_2023"]
[SourceDate "2023.11.29"]
[SourceVersion "1"]
[SourceVersionDate "2023.11.29"]
[SourceQuality "1"]

1. d4 Nf6 2. Nf3 g6 3. g3 Bg7 4. Bg2 0-0 5. 0-0 d6 6. c4 c5 7. Nc3 Nc6 8. dxc5 dxc5 9. Be3 Be6 10. Qa4 Nd4 11. Rad1 Bd7 12. Qa3 Nc2 13. Qxc5 b6 14. Qg5 h6 15. Qf4 g5 16. Qe5 Rc8 17. Nd5 Nxd5 18. Qxd5 Nxe3 19. fxe3 Bc6 20. Qxd8 Rfxd8 21. b3 b5 22. Nd2 bxc4 23. Nxc4 Bb5 24. Rxd8+ Rxd8 25. Rf5 Rd1+ 26. Kf2 a6 27. Rd5 Ra1 28. Rd8+ Bf8 29. a4 Bxc4 30. bxc4 Rc1 31. Rc8 e6 32. a5 Kg7 33. Bb7 Bb4 34. Bxa6 Ra1 35. Bb5 Rxa5 36. g4 Kf6 37. Rc7 Bd6 38. Rb7 Bc5 39. Be8 Ra7 40. Rxa7 Bxa7 41. Kf3 Ke7 42. Ba4 Kd6 43. Ke4 f6 44. h3 Bc5 1/2-1/2

[Event "Titled Tuesday intern op 26th Sep Early"]
[Site "Chess.com INT"]
[Date "2023.09.26"]
[Round "9"]
[White "Bolat, Inayat"]
[Black "Carrasco Miranda, Andres"]
[Result "1-0"]
[WhiteElo "2087"]
[BlackElo "2241"]
[PlyCount "143"]
[EventDate "2023.09.26"]
[EventType "swiss (blitz)"]
[EventRounds "11"]
[EventCountry "USA"]
[SourceTitle "EXT 2024"]
[Source "ChessBase"]
[SourceDate "2023.10.10"]
[SourceVersion "1"]
[SourceVersionDate "2023.10.10"]
[SourceQuality "1"]

1. e4 e5 2. Nf3 Nc6 3. Bb5 Nf6 4. d3 Bc5 5. Nbd2 0-0 6. 0-0 d5 7. Bxc6 bxc6 8. Nxe5 Bd6 9. f4 dxe4 10. Nxe4 Nxe4 11. dxe4 Bxe5 12. fxe5 Qxd1 13. Rxd1 Bg4 14. Re1 Rab8 15. h3 Be6 16. b3 Rfd8 17. Bg5 Re8 18. Rad1 h6 19. Bh4 g5 20. Bf2 a6 21. h4 Kg7 22. hxg5 hxg5 23. Rd3 Kg6 24. Red1 Rb5 25. Bd4 Rd8 26. a4 Rbb8 27. Kf2 Rh8 28. Kg3 Rh4 29. Re3 Rg4+ 30. Kf2 Rh8 31. Bc3 Rh2 32. Rg1 c5 33. Ba5 c6 34. Bd8 c4 35. b4 Rf4+ 36. Ke1 Rg4 37. Re2 Rg3 38. Kd2 c3+ 39. Kc1 Bc4 40. Rf2 Re3 41. Rf6+ Kg7 42. Rf5 Rxg2 43. Rxg5+ Rxg5 44. Bxg5 Re2 45. Bd2+ Kf8 46. Bxc3 Rxe4 47. Rh1 Bd5 48. Rh8+ Ke7 49. Ra8 Rc4 50. Kb2 Re4 51. Rxa6 Re2 52. b5 cxb5 53. axb5 Be4 54. Ra7+ Ke6 55. b6 Rxc2+ 56. Kb3 Rc1 57. b7 Rb1+ 58. Bb2 Bxb7 59. Rxb7 Re1 60. Rb6+ Kd5 61. Rf6 Re3+ 62. Bc3 Re2 63. Rxf7 Ke6 64. Rf6+ Ke7 65. Kc4 Re4+ 66. Kd5 Rh4 67. Ra6 Kd7 68. Ra7+ Kc8 69. e6 Rh1 70. Bd4 Rh5+ 71. Kd6 Rh6 72. Rg7 1-0

[Event "Titled Tuesday intern op 26th Sep Early"]
[Site "Chess.com INT"]
[Date "2023.09.26"]
[Round "3"]
[White "Mikhaylova, Irina"]
[Black "Bolat, Inayat"]
[Result "1-0"]
[WhiteElo "2216"]
[BlackElo "2087"]
[PlyCount "91"]
[EventDate "2023.09.26"]
[EventType "swiss (blitz)"]
[EventRounds "11"]
[EventCountry "USA"]
[SourceTitle "EXT 2024"]
[Source "ChessBase"]
[SourceDate "2023.10.10"]
[SourceVersion "1"]
[SourceVersionDate "2023.10.10"]
[SourceQuality "1"]

1. d4 Nf6 2. c4 g6 3. Nc3 Bg7 4. e4 d6 5. Nf3 0-0 6. Be2 e5 7. dxe5 dxe5 8. Qxd8 Rxd8 9. Bg5 Re8 10. Nd5 Nxd5 11. cxd5 h6 12. Be3 f5 13. Bc4 Kh7 14. Nd2 Nd7 15. f3 Nb6 16. Bb3 Bd7 17. Rc1 c6 18. a3 cxd5 19. Bxb6 axb6 20. Bxd5 Bc6 21. Bxc6 bxc6 22. Rxc6 Rac8 23. Rxc8 Rxc8 24. Ke2 Rc2 25. Rb1 Bf8 26. Kd3 Rc7 27. Nc4 fxe4+ 28. fxe4 Rd7+ 29. Ke2 Rd4 30. Nxb6 Rxe4+ 31. Kd3 Rd4+ 32. Kc3 Bc5 33. Nc4 e4 34. Kb3 e3 35. Nxe3 Rd2 36. Re1 Bd4 37. Nc4 Rxg2 38. Re7+ Kg8 39. Rd7 Bf6 40. a4 Rxh2 41. a5 Rh1 42. a6 Ra1 43. a7 Kf8 44. Na3 Ke8 45. Rh7 Bd8 46. a8Q 1-0

[Event "Titled Tuesday intern op 26th Sep Early"]
[Site "Chess.com INT"]
[Date "2023.09.26"]
[Round "2"]
[White "Pourkashiyan, Atousa"]
[Black "Bolat, Inayat"]
[Result "1-0"]
[WhiteElo "2288"]
[BlackElo "2087"]
[PlyCount "73"]
[EventDate "2023.09.26"]
[EventType "swiss (blitz)"]
[EventRounds "11"]
[EventCountry "USA"]
[SourceTitle "EXT 2024"]
[Source "ChessBase"]
[SourceDate "2023.10.10"]
[SourceVersion "1"]
[SourceVersionDate "2023.10.10"]
[SourceQuality "1"]

1. e4 e5 2. Nf3 Nc6 3. Bb5 a6 4. Ba4 d6 5. c3 Bd7 6. d4 g6 7. 0-0 Bg7 8. d5 Nce7 9. Bxd7+ Qxd7 10. c4 h6 11. Nc3 f5 12. b4 Nf6 13. c5 fxe4 14. Nd2 dxc5 15. Ndxe4 cxb4 16. Nxf6+ Bxf6 17. Ne4 Bg7 18. d6 Nf5 19. dxc7 Qxc7 20. Qa4+ Qc6 21. Qxb4 Bf8 22. Qe1 Be7 23. Bb2 0-0 24. Bxe5 Rae8 25. Rc1 Qe6 26. Bb2 Rf7 27. Qc3 Ng7 28. Rce1 Qc6 29. Qxc6 bxc6 30. Rc1 Rc8 31. Rfd1 Bd8 32. Nd6 Rb8 33. Nxf7 Kxf7 34. Rd7+ Ke6 35. Rxg7 Rxb2 36. Rxg6+ Bf6 37. h4 1-0

[Event "Titled Tuesday intern op 26th Sep Early"]
[Site "Chess.com INT"]
[Date "2023.09.26"]
[Round "7"]
[White "Sabatier, Mathis"]
[Black "Bolat, Inayat"]
[Result "1-0"]
[WhiteElo "2130"]
[BlackElo "2087"]
[PlyCount "51"]
[EventDate "2023.09.26"]
[EventType "swiss (blitz)"]
[EventRounds "11"]
[EventCountry "USA"]
[SourceTitle "EXT 2024"]
[Source "ChessBase"]
[SourceDate "2023.10.10"]
[SourceVersion "1"]
[SourceVersionDate "2023.10.10"]
[SourceQuality "1"]

1. d4 Nf6 2. c4 g6 3. Nc3 Bg7 4. e4 d6 5. Nge2 0-0 6. Ng3 c5 7. d5 h5 8. h4 e6 9. Be2 exd5 10. exd5 Re8 11. Bg5 Qb6 12. Qd2 Ng4 13. 0-0 Be5 14. Nge4 Nd7 15. Bxg4 hxg4 16. h5 f5 17. Ng3 Bxg3 18. fxg3 Ne5 19. hxg6 Nxc4 20. Qf4 Ne5 21. Bf6 c4+ 22. Kh1 Nxg6 23. Qh6 Qc7 24. Qxg6+ Kf8 25. Qh6+ Kg8 26. Qh8+ 1-0

[Event "Titled Tuesday intern op 26th Sep Early"]
[Site "Chess.com INT"]
[Date "2023.09.26"]
[Round "8"]
[White "Zaksaite, Salomeja"]
[Black "Bolat, Inayat"]
[Result "0-1"]
[WhiteElo "2217"]
[BlackElo "2087"]
[PlyCount "24"]
[EventDate "2023.09.26"]
[EventType "swiss (blitz)"]
[EventRounds "11"]
[EventCountry "USA"]
[SourceTitle "EXT 2024"]
[Source "ChessBase"]
[SourceDate "2023.10.10"]
[SourceVersion "1"]
[SourceVersionDate "2023.10.10"]
[SourceQuality "1"]

1. d4 Nf6 2. Nc3 d5 3. Bf4 g6 4. e3 Bg7 5. h4 h5 6. Nf3 0-0 7. Ne5 c5 8. Bd3 Qb6 9. dxc5 Qxb2 10. Na4 Qa3 11. c4 Nfd7 12. Nxd7 Bxd7 0-1

[Event "Titled Tuesday intern op 19th Sep Early"]
[Site "Chess.com INT"]
[Date "2023.09.19"]
[Round "8"]
[White "Bolat, Inayat"]
[Black "Yen, William"]
[Result "0-1"]
[WhiteElo "2087"]
[BlackElo "2056"]
[PlyCount "190"]
[EventDate "2023.09.19"]
[EventType "swiss (blitz)"]
[EventRounds "11"]
[EventCountry "USA"]
[SourceTitle "EXT 2024"]
[Source "ChessBase"]
[SourceDate "2023.10.10"]
[SourceVersion "1"]
[SourceVersionDate "2023.10.10"]
[SourceQuality "1"]

1. e4 c5 2. Nf3 d6 3. d4 cxd4 4. Nxd4 Nf6 5. Nc3 a6 6. Be2 e5 7. Nb3 Be7 8. Be3 0-0 9. Qd3 Be6 10. Nd5 Nxd5 11. exd5 Bd7 12. 0-0 f5 13. f4 e4 14. Qd2 Bf6 15. Bd4 Qe8 16. Qe3 Bb5 17. c4 Ba4 18. Na5 Qd8 19. b4 Qc7 20. Rac1 Nd7 21. Bxf6 Rxf6 22. Qa3 b5 23. cxb5 Qb6+ 24. Kh1 Bxb5 25. Bxb5 axb5 26. Rc6 Qd4 27. Nb3 Rxa3 28. Nxd4 Rxa2 29. Nxb5 Rb2 30. Nxd6 Rxb4 31. Rc8+ Rf8 32. Rxf8+ Kxf8 33. Nxf5 g6 34. Ng3 Ke7 35. f5 Kd6 36. f6 Nf8 37. Rd1 Nd7 38. f7 Ke7 39. Rf1 Rd4 40. h3 e3 41. Re1 Rd3 42. Nf1 Kxf7 43. Rxe3 Rxd5 44. Rf3+ Nf6 45. Ne3 Rd3 46. Kh2 Ke6 47. Kg3 Ne4+ 48. Kf4 Nd2 49. Rf2 Rd4+ 50. Kg5 Ne4+ 51. Kh6 Nxf2 52. Kxh7 g5 53. Kh6 g4 54. h4 Re4 55. Nf1 Nd3 56. Kg5 Ne5 57. h5 Re2 58. g3 Re4 59. h6 Nf3+ 60. Kg6 Ne5+ 61. Kg7 Ra4 62. h7 Ra7+ 63. Kh6 Kf5 64. h8Q Nf7+ 65. Kg7 Nxh8+ 66. Kxh8 Ke4 67. Nh2 Kf5 68. Kg8 Ra2 69. Nf1 Rf2 70. Ne3+ Kg5 71. Kg7 Rf3 72. Nc4 Rxg3 73. Nd6 Rd3 74. Nf7+ Kf4 75. Kf6 Rf3 76. Ne5 g3 77. Ke6 g2 78. Nxf3 Kxf3 79. Ke5 g1Q 80. Kd5 Qg4 81. Kd6 Qe4 82. Kc7 Kf4 83. Kb6 Qe5 84. Ka7 Qb2 85. Ka6 Ke5 86. Ka7 Kd6 87. Ka8 Kc7 88. Ka7 Qb8+ 89. Ka6 Kc6 90. Ka5 Kc5 91. Ka6 Qb5+ 92. Ka7 Kc6 93. Ka8 Qa6+ 94. Kb8 Qb6+ 95. Ka8 Qb7# 0-1

[Event "Titled Tuesday intern op 12th Sep Early"]
[Site "Chess.com INT"]
[Date "2023.09.12"]
[Round "8"]
[White "Bolat, Inayat"]
[Black "Ilkhomi, Jaloliddin"]
[Result "0-1"]
[WhiteElo "2087"]
[BlackElo "2177"]
[PlyCount "52"]
[EventDate "2023.09.12"]
[EventType "swiss (blitz)"]
[EventRounds "11"]
[EventCountry "USA"]
[SourceTitle "EXT 2024"]
[Source "ChessBase"]
[SourceDate "2023.10.10"]
[SourceVersion "1"]
[SourceVersionDate "2023.10.10"]
[SourceQuality "1"]

1. e4 e6 2. d4 d5 3. Nc3 Bb4 4. e5 c5 5. Bd2 Ne7 6. a3 Bxc3 7. Bxc3 b6 8. Qg4 0-0 9. Nf3 Ba6 10. Bxa6 Nxa6 11. Qf4 f6 12. 0-0-0 c4 13. h4 b5 14. h5 Nc6 15. Qg3 b4 16. h6 g6 17. axb4 Naxb4 18. Bxb4 Nxb4 19. exf6 Qa5 20. Ng5 Rxf6 21. Qe5 Raf8 22. f3 Na2+ 23. Kb1 Nb4 24. Nxe6 Qa2+ 25. Kc1 c3 26. Rdf1 Qa1# 0-1

[Event "Titled Tuesday intern op 12th Sep Early"]
[Site "Chess.com INT"]
[Date "2023.09.12"]
[Round "5"]
[White "Bolat, Inayat"]
[Black "Saif, Malek"]
[Result "1-0"]
[WhiteElo "2087"]
[BlackElo "2139"]
[PlyCount "67"]
[EventDate "2023.09.12"]
[EventType "swiss (blitz)"]
[EventRounds "11"]
[EventCountry "USA"]
[SourceTitle "EXT 2024"]
[Source "ChessBase"]
[SourceDate "2023.10.10"]
[SourceVersion "1"]
[SourceVersionDate "2023.10.10"]
[SourceQuality "1"]

1. e4 e5 2. Nf3 Nc6 3. Bb5 a6 4. Ba4 Nf6 5. 0-0 Be7 6. Re1 b5 7. Bb3 0-0 8. a4 Rb8 9. axb5 axb5 10. d3 d6 11. h3 Be6 12. Bxe6 fxe6 13. Nbd2 Qe8 14. Nf1 Qg6 15. Ng3 h6 16. d4 exd4 17. Nxd4 Nxd4 18. Qxd4 e5 19. Qd3 Nh5 20. Nf5 Bg5 21. Ra7 Rf7 22. Qd5 Kh7 23. Bxg5 hxg5 24. g3 Nf6 25. Qd3 d5 26. f3 g4 27. hxg4 dxe4 28. fxe4 Qxg4 29. Kg2 Kg8 30. Qb3 Nxe4 31. Rxc7 Rbf8 32. Ne7+ Kh7 33. Rh1+ Qh3+ 34. Rxh3# 1-0

[Event "Titled Tuesday intern op 12th Sep Early"]
[Site "Chess.com INT"]
[Date "2023.09.12"]
[Round "6"]
[White "Bolat, Inayat"]
[Black "Trifan, Andrei Ioan"]
[Result "0-1"]
[WhiteElo "2087"]
[BlackElo "2302"]
[PlyCount "62"]
[EventDate "2023.09.12"]
[EventType "swiss (blitz)"]
[EventRounds "11"]
[EventCountry "USA"]
[SourceTitle "EXT 2024"]
[Source "ChessBase"]
[SourceDate "2023.10.10"]
[SourceVersion "1"]
[SourceVersionDate "2023.10.10"]
[SourceQuality "1"]

1. e4 d6 2. d4 Nf6 3. Nc3 g6 4. Be3 Bg7 5. Qd2 h5 6. f3 c6 7. a4 a5 8. h4 Na6 9. Nh3 Bxh3 10. Rxh3 Nb4 11. 0-0-0 Nd7 12. Kb1 Nb6 13. g4 Qd7 14. Be2 d5 15. e5 Nc4 16. Bxc4 dxc4 17. Rg3 Nd5 18. Ne4 b6 19. Qe2 c5 20. Bg5 Qxa4 21. dxc5 0-0-0 22. gxh5 Bxe5 23. Rgg1 Bxb2 24. Kxb2 c3+ 25. Nxc3 Qb4+ 26. Kc1 Nxc3 27. Rxd8+ Rxd8 28. Qa6+ Kb8 29. Bf4+ Qxf4+ 30. Kb2 Qb4+ 31. Kc1 Qa3# 0-1

[Event "Titled Tuesday intern op 12th Sep Early"]
[Site "Chess.com INT"]
[Date "2023.09.12"]
[Round "2"]
[White "Martinez Ramirez, Lennis"]
[Black "Bolat, Inayat"]
[Result "1-0"]
[WhiteElo "2464"]
[BlackElo "2087"]
[PlyCount "75"]
[EventDate "2023.09.12"]
[EventType "swiss (blitz)"]
[EventRounds "11"]
[EventCountry "USA"]
[SourceTitle "EXT 2024"]
[Source "ChessBase"]
[SourceDate "2023.10.10"]
[SourceVersion "1"]
[SourceVersionDate "2023.10.10"]
[SourceQuality "1"]

1. Nf3 Nf6 2. c4 g6 3. Nc3 Bg7 4. e4 d6 5. d4 0-0 6. h3 e5 7. d5 Na6 8. Be3 Nc5 9. Bd3 a5 10. Bc2 Nh5 11. g3 Qe8 12. Nh4 f5 13. exf5 gxf5 14. Qe2 f4 15. Bxc5 dxc5 16. g4 f3 17. Qd3 Nf6 18. 0-0-0 h6 19. Rhe1 a4 20. Ng6 e4 21. Nxf8 exd3 22. Rxe8 Nxe8 23. Bxa4 Bxc3 24. Bxe8 Kxf8 25. Bg6 Bd4 26. Rxd3 Rxa2 27. Rxf3+ Kg7 28. Bh5 Rxb2 29. Rf7+ Kg8 30. Rxc7 Rxf2 31. Rxc8+ Kg7 32. Rc7+ Kf6 33. Rxb7 Kg5 34. d6 Rf6 35. d7 Rd6 36. Be8 Kf6 37. Rb6 Ke7 38. Rxd6 1-0